000 00654nam a22002297a 4500
003 UA-OsUOA
001 93537
007 ta
008 20130122b un ||||| |||| 00| 0 ukr d
100 _aГородецкий С.
090 _a821.161.1
_bГ70
942 _cBK
040 _aUA-OsUOA
_brus
_cUA-OsUOA
_dUA-OsUOA
245 _aЖизнь неукротимая
_bстатьи, очерки, воспоминания
300 _a256 с.
955 _a3
041 _arus
080 _a821.161.1
260 _aМ.
_bСовременник
_c1984
650 7 _a82 Література. Літературознавство
_2UDC
999 _c379793
_d379793